Make Country Flags By Naming Countries' 5 Biggest Cities - Statistics

General Stats
  • This quiz has been taken 3,777 times
  • The average score is 15 of 20
Answers on the Map
Answers color-coded by a green-red scale on the quiz's map according to % correct below.
 
Answer Stats
Country Population City % Correct
United States 18,351,295 New York City
98%
United States 14,083,662 Los Angeles
94%
United Kingdom 9,787,426 London
93%
Brazil 12,763,459 Rio de Janeiro
89%
United States 8,608,208 Chicago
88%
Australia 5,367,206 Sydney
86%
United Kingdom 2,553,379 Manchester
85%
Brazil 21,734,682 Sao Paulo
83%
Brazil 4,627,771 Brasilia
78%
Australia 5,159,211 Melbourne
78%
United Kingdom 2,440,986 Birmingham
75%
Australia 2,125,114 Perth
74%
United States 5,502,379 Miami
66%
Australia 2,560,720 Brisbane
64%
United Kingdom 957,620 Glasgow
64%
United Kingdom 1,777,934 Leeds
60%
Australia 1,359,760 Adelaide
59%
United States 5,441,567 Philadelphia
58%
Brazil 5,961,895 Belo Horizonte
49%
Brazil 4,340,733 Porto Alegre
36%
No matching quizzes found
Score Distribution
Percent of People with Each Score
Percentile by Number Answered
Your Score History
You have not taken this quiz